BASIC ORAL RADIOLOGY (Record no. 9804)

MARC details
000 -LEADER
fixed length control field 00258nam a22001217a 4500
082 ## - DEWEY DECIMAL CLASSIFICATION NUMBER
Classification number 617.63 ,O14G
100 ## - MAIN ENTRY--PERSONAL NAME
Personal name GHOM,ANIL GOVIND RAO
245 ## - TITLE STATEMENT
Title BASIC ORAL RADIOLOGY
250 ## - EDITION STATEMENT
Edition statement 1ST
260 ## - PUBLICATION, DISTRIBUTION, ETC. (IMPRINT)
Place of publication, distribution, etc DELHI
Name of publisher, distributor, etc JAPEE
Year of Publication 2014
300 ## - PAGE DESCRIPTION
No. of Pages 208
942 ## - ADDED ENTRY ELEMENTS (KOHA)
Source of classification or shelving scheme Dewey Decimal Classification
Koha item type Books
942 ## - ADDED ENTRY ELEMENTS (KOHA)
-- 1
Holdings
Withdrawn status Lost status Source of classification or shelving scheme Damaged status Not for loan Home library Current library Date acquired SGTU Total Checkouts Full call number Accession No. (Barcode) Date last seen Date last borrowed Bill Date Koha item type
    Dewey Decimal Classification     SGT Dental Library SGT Dental Library 12/08/2016 SGTU 1 617.63 ,O14G FD7342 21/08/2024 20/08/2024 12/08/2016 Books